000
00156nam a22000857a 4500
082
_a
823
100
_a
AGNUS MC BRIDE
245
_a
THE WIZARD OF OZ
942
_c
BK
999
_c
8376
_d
8376